Best value law and management (Record no. 100156)

MARC details
000 -LEADER
fixed length control field 00785cam a2200241 4500
008 - FIXED-LENGTH DATA ELEMENTS--GENERAL INFORMATION
fixed length control field 000000n2000 000 0 eng u
020 ## - INTERNATIONAL STANDARD BOOK NUMBER
International Standard Book Number 0853086184
035 ## - SYSTEM CONTROL NUMBER
System control number (Sirsi) u103755
050 ## - LIBRARY OF CONGRESS CALL NUMBER
Classification number 352.1
100 ## - MAIN ENTRY--PERSONAL NAME
Personal name Dobson, Nicholas
245 ## - TITLE STATEMENT
Title Best value law and management
260 ## - PUBLICATION, DISTRIBUTION, ETC.
-- ristol
Name of publisher, distributor, etc. Jordan Publishing Ltd
Date of publication, distribution, etc. 2000
300 ## - PHYSICAL DESCRIPTION
Extent xxxviii,410p. 25cm.
350 ## - PRICE (NR) (BK AM CF MU VM SE) [OBSOLETE]
Price 45.00
520 ## - SUMMARY, ETC.
Summary, etc. A practical guide explaining the background and implications of best value and including all relevant regulations and guidance. The law is stated as understood on 24 April 2000.
650 ## - SUBJECT ADDED ENTRY--TOPICAL TERM
Topical term or geographic name entry element LOCAL GOVERNMENT ACT 1999
650 ## - SUBJECT ADDED ENTRY--TOPICAL TERM
Topical term or geographic name entry element BEST VALUE
650 ## - SUBJECT ADDED ENTRY--TOPICAL TERM
Topical term or geographic name entry element LOCAL AUTHORITIES
650 ## - SUBJECT ADDED ENTRY--TOPICAL TERM
Topical term or geographic name entry element Procurement-old
650 ## - SUBJECT ADDED ENTRY--TOPICAL TERM
Topical term or geographic name entry element SERVICES
690 ## - LOCAL SUBJECT ADDED ENTRY--TOPICAL TERM (OCLC, RLIN)
Topical term or geographic name as entry element LOCAL GOVERNMENT
942 ## - ADDED ENTRY ELEMENTS (KOHA)
Suppress in OPAC 0
Holdings
Withdrawn status Lost status Source of classification or shelving scheme Damaged status Not for loan Home library Current library Shelving location Date acquired Cost, normal purchase price Total Checkouts Full call number Barcode Date last seen Date last checked out Copy number Cost, replacement price Price effective from Koha item type
    Dewey Decimal Classification     London London Books 23/08/2000 45.00 14 352.1 DOB 30061846 06/08/2019 17/01/2006 1 45.00 06/08/2019 Book